[Event "Anna IRT op"]
[Site "Anna"]
[Date "2015.04.10"]
[Round "6"]
[White "Geranichev, Mikhail"]
[Black "Skvortsov, Andrey"]
[Result "1/2-1/2"]
[WhiteElo "2095"]
[BlackElo "2150"]
[PlyCount "20"]
[EventDate "2015.04.09"]
[EventType "swiss"]
[EventRounds "9"]
[EventCountry "RUS"]
[SourceTitle "EXT 2022"]
[Source "ChessBase"]
[SourceDate "2021.10.06"]
[SourceVersion "1"]
[SourceVersionDate "2021.10.06"]
[SourceQuality "1"]

1. e4 e6 2. d4 d5 3. Nd2 dxe4 4. Nxe4 Nf6 5. Bd3 Be7 6. Nf3 0-0 7. 0-0 Nbd7 8. Nxf6+ Nxf6 9. c3 b6 10. Bg5 Bb7 1/2-1/2

[Event "Anna IRT op"]
[Site "Anna"]
[Date "2015.04.09"]
[Round "1"]
[White "Bakhteev, Bakhtiyar"]
[Black "Skvortsov, Andrey"]
[Result "0-1"]
[WhiteElo "1729"]
[BlackElo "2150"]
[PlyCount "71"]
[EventDate "2015.04.09"]
[EventType "swiss"]
[EventRounds "9"]
[EventCountry "RUS"]
[SourceTitle "EXT 2022"]
[Source "ChessBase"]
[SourceDate "2021.10.06"]
[SourceVersion "1"]
[SourceVersionDate "2021.10.06"]
[SourceQuality "1"]

1. e4 d5 2. exd5 Qxd5 3. Nc3 Qa5 4. d4 Nf6 5. Nf3 Bg4 6. h3 Bh5 7. Bb5+ c6 8. Be2 e6 9. 0-0 Bd6 10. Re1 Qc7 11. Ng5 Bg6 12. Bc4 0-0 13. Nge4 Nbd7 14. Bg5 Nxe4 15. Nxe4 Bf4 16. Bd3 Bxg5 17. Nxg5 Qf4 18. Nf3 Nf6 19. Bxg6 hxg6 20. c3 Rfd8 21. Qc2 Rd5 22. Re5 Rxe5 23. Nxe5 Qe4 24. Qxe4 Nxe4 25. Re1 Nf6 26. Kf1 Rf8 27. g4 Ne8 28. Nc4 Nc7 29. Kg2 b5 30. Ne5 a5 31. a3 Rb8 32. Nd7 Rd8 33. Ne5 Rd6 34. b4 a4 35. Kg3 f6 36. Nd3 0-1

[Event "Borisoglebsk Bocharov Memorial"]
[Site "Borisoglebsk"]
[Date "2015.03.20"]
[Round "4"]
[White "Skvortsov, Andrey"]
[Black "Marchukov, Dmitry"]
[Result "1/2-1/2"]
[WhiteElo "2150"]
[BlackElo "2098"]
[PlyCount "48"]
[EventDate "2015.03.19"]
[EventType "swiss"]
[EventRounds "9"]
[EventCountry "RUS"]
[SourceTitle "CBM 165 Extra"]
[Source "ChessBase"]
[SourceDate "2015.04.21"]
[SourceVersion "1"]
[SourceVersionDate "2015.04.21"]
[SourceQuality "1"]

1. d3 d6 2. c3 e5 3. e4 c6 4. g3 g6 5. Be3 Nf6 6. f3 Be6 7. Qd2 Nbd7 8. d4 Qc7 9. Bg2 Nb6 10. b3 Rd8 11. Ne2 Bg7 12. c4 0-0 13. d5 Bd7 14. Nbc3 c5 15. Bh6 a6 16. h4 Nc8 17. h5 b5 18. Bxg7 Kxg7 19. hxg6 fxg6 20. cxb5 axb5 21. Nd1 Nb6 22. Ne3 Ra8 23. Rc1 Qa7 24. Rc2 Rfc8 1/2-1/2

[Event "Borisoglebsk Bocharov Memorial"]
[Site "Borisoglebsk"]
[Date "2015.03.19"]
[Round "1"]
[White "Shumsky, Vladimir"]
[Black "Skvortsov, Andrey"]
[Result "1/2-1/2"]
[WhiteElo "1867"]
[BlackElo "2150"]
[PlyCount "37"]
[EventDate "2015.03.19"]
[EventType "swiss"]
[EventRounds "9"]
[EventCountry "RUS"]
[SourceTitle "CBM 165 Extra"]
[Source "ChessBase"]
[SourceDate "2015.04.21"]
[SourceVersion "1"]
[SourceVersionDate "2015.04.21"]
[SourceQuality "1"]

1. e4 c5 2. c3 d6 3. d4 cxd4 4. cxd4 e6 5. Nc3 Nf6 6. Nf3 Be7 7. Bd3 Nbd7 8. 0-0 e5 9. Qe2 0-0 10. Rd1 Qc7 11. Bg5 a6 12. Rac1 Qb8 13. a4 b6 14. Bc2 Re8 15. Qc4 Nf8 16. dxe5 dxe5 17. Nd5 Nxd5 18. exd5 Bd6 19. Nh4 1/2-1/2

[Event "Balashov-ch"]
[Site "Balashov"]
[Date "2014.12.21"]
[Round "8"]
[White "Skvortsov, Andrey"]
[Black "Darenkov, Mikhail"]
[Result "1/2-1/2"]
[WhiteElo "2164"]
[BlackElo "2114"]
[PlyCount "25"]
[EventDate "2014.12.15"]
[EventType "swiss"]
[EventRounds "9"]
[EventCountry "RUS"]
[SourceTitle "CBM 164 Extra"]
[Source "ChessBase"]
[SourceDate "2015.03.02"]
[SourceVersion "1"]
[SourceVersionDate "2015.03.02"]
[SourceQuality "1"]

1. d4 Nf6 2. c4 c5 3. Nf3 cxd4 4. Nxd4 Nc6 5. Nc3 d6 6. e4 e6 7. Be3 Be7 8. Be2 a6 9. 0-0 0-0 10. f3 Qc7 11. Qd2 b6 12. Rac1 Bb7 13. b3 1/2-1/2

[Event "Balashov-ch"]
[Site "Balashov"]
[Date "2014.12.21"]
[Round "9"]
[White "Surov, Sergey"]
[Black "Skvortsov, Andrey"]
[Result "1/2-1/2"]
[WhiteElo "2229"]
[BlackElo "2164"]
[PlyCount "42"]
[EventDate "2014.12.15"]
[EventType "swiss"]
[EventRounds "9"]
[EventCountry "RUS"]
[SourceTitle "CBM 164 Extra"]
[Source "ChessBase"]
[SourceDate "2015.03.02"]
[SourceVersion "1"]
[SourceVersionDate "2015.03.02"]
[SourceQuality "1"]

1. e4 e5 2. Nf3 Nf6 3. Nc3 Nc6 4. Bb5 Bc5 5. Bxc6 dxc6 6. d3 Bd4 7. Nxd4 exd4 8. Ne2 c5 9. 0-0 0-0 10. f4 b6 11. e5 Nd5 12. c4 dxc3 13. Nxc3 Nxc3 14. bxc3 Bf5 15. d4 cxd4 16. Qxd4 Qxd4+ 17. cxd4 Rfd8 18. Be3 Rd5 19. Rac1 Rc8 20. Rc4 c6 21. Rfc1 Bd7 1/2-1/2

[Event "Balashov-ch"]
[Site "Balashov"]
[Date "2014.12.20"]
[Round "7"]
[White "Sukhinin, Vladislav"]
[Black "Skvortsov, Andrey"]
[Result "0-1"]
[WhiteElo "1833"]
[BlackElo "2164"]
[PlyCount "74"]
[EventDate "2014.12.15"]
[EventType "swiss"]
[EventRounds "9"]
[EventCountry "RUS"]
[SourceTitle "CBM 164 Extra"]
[Source "ChessBase"]
[SourceDate "2015.03.02"]
[SourceVersion "1"]
[SourceVersionDate "2015.03.02"]
[SourceQuality "1"]

1. b3 d5 2. Bb2 c6 3. f4 Nd7 4. Nf3 Ngf6 5. g3 g6 6. Bg2 Bg7 7. 0-0 0-0 8. c4 Ne4 9. Bxg7 Kxg7 10. Qc2 Qb6+ 11. e3 Ndf6 12. d4 Bf5 13. Qe2 Rac8 14. Rc1 c5 15. Nc3 Nxc3 16. Rxc3 Ne4 17. Rcc1 e6 18. Qb2 f6 19. dxc5 Nxc5 20. Ne1 Be4 21. cxd5 exd5 22. Bxe4 Nxe4 23. Qd4 Qxd4 24. exd4 Rc6 25. Kf1 Rfc8 26. Rxc6 Rxc6 27. Ke2 b5 28. Nd3 Rc2+ 29. Kf3 Rxh2 30. Rc1 h5 31. Rc7+ Kh6 32. Rxa7 Rh3 33. Nc5 Rxg3+ 34. Ke2 h4 35. Nxe4 dxe4 36. a4 h3 37. Kf2 h2 0-1

[Event "Balashov-ch"]
[Site "Balashov"]
[Date "2014.12.19"]
[Round "5"]
[White "Bryakin, Mikhail"]
[Black "Skvortsov, Andrey"]
[Result "1-0"]
[WhiteElo "2261"]
[BlackElo "2164"]
[PlyCount "81"]
[EventDate "2014.12.15"]
[EventType "swiss"]
[EventRounds "9"]
[EventCountry "RUS"]
[SourceTitle "CBM 164 Extra"]
[Source "ChessBase"]
[SourceDate "2015.03.02"]
[SourceVersion "1"]
[SourceVersionDate "2015.03.02"]
[SourceQuality "1"]

1. c4 c5 2. Nc3 Nf6 3. e4 g6 4. f4 Bg7 5. Nf3 0-0 6. g3 Nc6 7. Bg2 d6 8. 0-0 e6 9. h3 a6 10. Kh2 b6 11. d3 Bb7 12. Be3 Qc7 13. Bg1 Rad8 14. g4 Nd7 15. h4 e5 16. Nd5 Qb8 17. f5 f6 18. fxg6 hxg6 19. h5 g5 20. Ne3 Kf7 21. Nf5 Rh8 22. a3 Nf8 23. Rb1 Ne6 24. b4 Nf4 25. Be3 Nxg2 26. Kxg2 Nd4 27. Bxd4 exd4 28. Qd2 Kg8 29. Nxg7 Kxg7 30. Nxg5 Qc8 31. Qf4 Rhf8 32. h6+ Kg6 33. Nf3 Kh7 34. Nh4 Rg8 35. Nf5 Qd7 36. Ng7 Rdf8 37. Rh1 Bc8 38. Kf3 Rf7 39. Qf5+ Qxf5+ 40. gxf5 Kh8 41. bxc5 1-0

[Event "Balashov-ch"]
[Site "Balashov"]
[Date "2014.12.17"]
[Round "3"]
[White "Skvortsov, Andrey"]
[Black "Marchukov, Dmitry"]
[Result "1/2-1/2"]
[WhiteElo "2164"]
[BlackElo "2112"]
[PlyCount "29"]
[EventDate "2014.12.15"]
[EventType "swiss"]
[EventRounds "9"]
[EventCountry "RUS"]
[SourceTitle "CBM 164 Extra"]
[Source "ChessBase"]
[SourceDate "2015.03.02"]
[SourceVersion "1"]
[SourceVersionDate "2015.03.02"]
[SourceQuality "1"]

1. e4 c5 2. Nf3 Nc6 3. d4 cxd4 4. Nxd4 Nf6 5. Nc3 g6 6. Be3 Bg7 7. f3 0-0 8. Qd2 d6 9. 0-0-0 Bd7 10. h4 h5 11. Kb1 Rc8 12. Bb5 Nxd4 13. Bxd4 Bxb5 14. Nxb5 a6 15. Nc3 1/2-1/2

[Event "Anna Gagarin Memorial"]
[Site "Anna"]
[Date "2014.05.02"]
[Round "6"]
[White "Skvortsov, Andrey"]
[Black "Geranichev, Mikhail"]
[Result "0-1"]
[WhiteElo "2201"]
[BlackElo "2129"]
[PlyCount "66"]
[EventDate "2014.04.30"]
[EventType "swiss"]
[EventRounds "9"]
[EventCountry "RUS"]
[SourceTitle "CBM 160 Extra"]
[Source "ChessBase"]
[SourceDate "2014.07.01"]
[SourceVersion "1"]
[SourceVersionDate "2014.07.01"]
[SourceQuality "1"]

1. e4 e6 2. d4 d5 3. Nd2 c5 4. exd5 exd5 5. Ngf3 Nf6 6. Bb5+ Bd7 7. Bxd7+ Nbxd7 8. 0-0 Be7 9. dxc5 Nxc5 10. Nd4 Qd7 11. Qf3 0-0 12. Nf5 Rfe8 13. Nb3 Ne6 14. Be3 Rac8 15. c3 b6 16. Rfd1 Bc5 17. Rd3 Qa4 18. Nxc5 bxc5 19. Nd6 Qa6 20. Nxe8 Qxd3 21. Nxf6+ gxf6 22. Qxf6 d4 23. Bh6 Qg6 24. Qxg6+ fxg6 25. Rd1 Kf7 26. Bc1 Kf6 27. f3 Ke5 28. b3 Kd5 29. Bb2 a5 30. Rc1 Nf4 31. Kf1 Nd3 32. c4+ Kc6 33. Ba1 Nxc1 0-1

[Event "Anna Gagarin Memorial"]
[Site "Anna"]
[Date "2014.04.30"]
[Round "2"]
[White "Bobro, Igor"]
[Black "Skvortsov, Andrey"]
[Result "1/2-1/2"]
[WhiteElo "1869"]
[BlackElo "2201"]
[PlyCount "42"]
[EventDate "2014.04.30"]
[EventType "swiss"]
[EventRounds "9"]
[EventCountry "RUS"]
[SourceTitle "CBM 160 Extra"]
[Source "ChessBase"]
[SourceDate "2014.07.01"]
[SourceVersion "1"]
[SourceVersionDate "2014.07.01"]
[SourceQuality "1"]

1. d4 Nf6 2. c4 e6 3. Nc3 Bb4 4. Qc2 c5 5. dxc5 Bxc5 6. e3 Nc6 7. Nf3 0-0 8. a3 b6 9. b4 Be7 10. Bb2 Bb7 11. Be2 Rc8 12. Rc1 d5 13. cxd5 Nxd5 14. 0-0 Nxc3 15. Bxc3 Bf6 16. Qb3 Bxc3 17. Qxc3 Qf6 18. Rfd1 h6 19. Bb5 Ne7 20. Qxf6 gxf6 21. Nd4 Rfd8 1/2-1/2

[Event "Borisoglebsk Bocharov Memorial"]
[Site "Borisoglebsk"]
[Date "2014.03.16"]
[Round "8"]
[White "Skvortsov, Andrey"]
[Black "Manukovsky, Vladimir"]
[Result "0-1"]
[WhiteElo "2201"]
[BlackElo "2223"]
[PlyCount "66"]
[EventDate "2014.03.13"]
[EventType "swiss"]
[EventRounds "9"]
[EventCountry "RUS"]
[SourceTitle "CBM 159 Extra"]
[Source "ChessBase"]
[SourceDate "2014.04.24"]
[SourceVersion "1"]
[SourceVersionDate "2014.04.24"]
[SourceQuality "1"]

1. e4 c5 2. c3 Nf6 3. d3 Nc6 4. Nf3 g6 5. Bg5 Bg7 6. Be2 0-0 7. 0-0 d5 8. Nbd2 b6 9. Qc2 Bb7 10. Rfe1 Rc8 11. Rad1 Qd7 12. Nf1 Rfd8 13. h3 Qe6 14. N3d2 Na5 15. Bxf6 Bxf6 16. b3 Bg7 17. Nh2 Qe5 18. Bg4 Rb8 19. Nb1 e6 20. Bf3 b5 21. Nf1 dxe4 22. dxe4 Nc6 23. Rxd8+ Rxd8 24. Rd1 Qg5 25. Rxd8+ Qxd8 26. Ne3 Ne5 27. Nd2 Qd3 28. Qxd3 Nxd3 29. Nd1 b4 30. cxb4 cxb4 31. Ne3 Kf8 32. Ndc4 Nc1 33. g3 Nxa2 0-1

[Event "Borisoglebsk Bocharov Memorial"]
[Site "Borisoglebsk"]
[Date "2014.03.14"]
[Round "3"]
[White "Skomorohov, Grigorij"]
[Black "Skvortsov, Andrey"]
[Result "1/2-1/2"]
[WhiteElo "2157"]
[BlackElo "2201"]
[PlyCount "34"]
[EventDate "2014.03.13"]
[EventType "swiss"]
[EventRounds "9"]
[EventCountry "RUS"]
[SourceTitle "CBM 159 Extra"]
[Source "ChessBase"]
[SourceDate "2014.04.24"]
[SourceVersion "1"]
[SourceVersionDate "2014.04.24"]
[SourceQuality "1"]

1. c4 e6 2. Nc3 d5 3. cxd5 exd5 4. d4 c6 5. Nf3 Bf5 6. Bg5 Nf6 7. e3 Nbd7 8. Bd3 Bxd3 9. Qxd3 Bd6 10. 0-0 0-0 11. a3 a5 12. e4 dxe4 13. Nxe4 Be7 14. Rab1 Rb8 15. Ra1 Ra8 16. Rab1 Rb8 17. Ra1 Ra8 1/2-1/2

[Event "Borisoglebsk Bocharov Memorial"]
[Site "Borisoglebsk"]
[Date "2014.03.13"]
[Round "2"]
[White "Skvortsov, Andrey"]
[Black "Ajrapetian, Nikita"]
[Result "1-0"]
[WhiteElo "2201"]
[BlackElo "1923"]
[PlyCount "120"]
[EventDate "2014.03.13"]
[EventType "swiss"]
[EventRounds "9"]
[EventCountry "RUS"]
[SourceTitle "CBM 159 Extra"]
[Source "ChessBase"]
[SourceDate "2014.04.24"]
[SourceVersion "1"]
[SourceVersionDate "2014.04.24"]
[SourceQuality "1"]

1. d4 Nf6 2. c4 e6 3. Nc3 Bb4 4. e3 0-0 5. Bd3 d5 6. a3 Bxc3+ 7. bxc3 dxc4 8. Bxc4 c5 9. Ne2 Nc6 10. 0-0 Na5 11. Bd3 c4 12. Bc2 b5 13. e4 Bb7 14. Ng3 Nb3 15. Bxb3 cxb3 16. f3 a5 17. Qxb3 Qc7 18. Bg5 Nd7 19. Rfc1 Ba6 20. e5 Nb6 21. Ne4 h6 22. Bh4 Nc4 23. Qc2 Ne3 24. Qd1 Nf5 25. Qe1 Bb7 26. Nc5 Bd5 27. Rab1 Qc6 28. Rb2 Kh8 29. Bf2 Rab8 30. Rcb1 a4 31. Nxa4 Ra8 32. Nc5 Bc4 33. Ra1 Ra7 34. Qc1 Rfa8 35. Rc2 Ra5 36. Qb2 Ne7 37. Be3 Nd5 38. Bc1 Nb6 39. Rf2 Na4 40. Nxa4 Rxa4 41. Qd2 Bd5 42. Rb1 Rc8 43. Bb2 Ra7 44. h3 Qc7 45. Qe3 Kh7 46. f4 Qd7 47. g4 Bc6 48. Kh2 Qd5 49. Rg1 Qe4 50. Qg3 g6 51. f5 Rcc7 52. Bc1 g5 53. h4 exf5 54. gxf5 Qxh4+ 55. Qxh4 gxh4 56. Rf4 h5 57. f6 Ra8 58. Rf5 Bf3 59. Rg7+ Kh8 60. Rxf3 Rg8 1-0

[Event "Anna Akulov Memorial op"]
[Site "Anna"]
[Date "2013.10.29"]
[Round "7.2"]
[White "Shumsky, Vladimir"]
[Black "Skvortsov, Andrey"]
[Result "0-1"]
[WhiteElo "1895"]
[BlackElo "2209"]
[PlyCount "46"]
[EventDate "2013.09.27"]
[EventType "swiss"]
[EventRounds "8"]
[EventCountry "RUS"]
[SourceTitle "EXT 2022"]
[Source "ChessBase"]
[SourceDate "2021.10.06"]
[SourceVersion "1"]
[SourceVersionDate "2021.10.06"]
[SourceQuality "1"]

1. d4 d5 2. Nf3 e6 3. c4 Nf6 4. Bg5 Be7 5. e3 0-0 6. Bd3 b6 7. 0-0 Bb7 8. Nbd2 c5 9. cxd5 exd5 10. Bb1 Ne4 11. Bxe7 Qxe7 12. Re1 f5 13. h3 Rf6 14. Nf1 Rg6 15. N3h2 Qh4 16. Bxe4 fxe4 17. Ng3 Nd7 18. Rc1 Rf8 19. Rc2 c4 20. Qh5 Qd8 21. Ng4 b5 22. a3 a5 23. Ne2 Rg5 0-1

[Event "Borisoglebsk Autumn op"]
[Site "Borisoglebsk"]
[Date "2013.09.07"]
[Round "4"]
[White "Surov, Sergey"]
[Black "Skvortsov, Andrey"]
[Result "1/2-1/2"]
[WhiteElo "2276"]
[BlackElo "2209"]
[PlyCount "32"]
[EventDate "2013.09.06"]
[EventType "swiss"]
[EventRounds "7"]
[EventCountry "RUS"]
[SourceTitle "CBM 156 Extra"]
[Source "ChessBase"]
[SourceDate "2013.10.22"]
[SourceVersion "1"]
[SourceVersionDate "2013.10.22"]
[SourceQuality "1"]

1. d4 d5 2. Nf3 Nf6 3. Bf4 Bf5 4. e3 e6 5. Bd3 Bxd3 6. Qxd3 Bd6 7. Bxd6 Qxd6 8. 0-0 0-0 9. c3 c5 10. Nbd2 Nc6 11. dxc5 Qxc5 12. e4 dxe4 13. Nxe4 Nxe4 14. Qxe4 Rfd8 15. Rad1 Qb5 16. Qc2 h6 1/2-1/2

[Event "Borisoglebsk Autumn op"]
[Site "Borisoglebsk"]
[Date "2013.09.06"]
[Round "2"]
[White "Shcherbashin, Roman"]
[Black "Skvortsov, Andrey"]
[Result "0-1"]
[WhiteElo "1897"]
[BlackElo "2209"]
[PlyCount "142"]
[EventDate "2013.09.06"]
[EventType "swiss"]
[EventRounds "7"]
[EventCountry "RUS"]
[SourceTitle "CBM 156 Extra"]
[Source "ChessBase"]
[SourceDate "2013.10.22"]
[SourceVersion "1"]
[SourceVersionDate "2013.10.22"]
[SourceQuality "1"]

1. d4 d5 2. c4 e6 3. Nc3 Be7 4. Nf3 Nf6 5. cxd5 exd5 6. Qb3 0-0 7. g3 c6 8. Bg2 Nbd7 9. 0-0 Bd6 10. Bg5 h6 11. Bd2 Re8 12. Rfe1 Nb6 13. Rad1 Bf5 14. e3 Re7 15. Ne2 Nc4 16. Bb4 Qb6 17. Bxd6 Qxb3 18. axb3 Nxd6 19. Ra1 a6 20. Nd2 Rae8 21. Nc3 Bc8 22. Na4 Nb5 23. Nb6 Bf5 24. Bf1 Nxd4 25. Rec1 Ne6 26. b4 Ng5 27. h4 Nfe4 28. Nxe4 Nf3+ 29. Kh1 Bxe4 30. Bg2 g5 31. Bxf3 Bxf3+ 32. Kh2 Re4 33. Nd7 Kg7 34. b5 axb5 35. Nc5 Rb4 36. Rc2 Be4 37. Rd2 b6 38. Nd7 gxh4 39. Nxb6 hxg3+ 40. Kxg3 Re6 41. f3 Bf5 42. Re1 Rg6+ 43. Kf2 Rh4 44. Ke2 Kf6 45. Kd1 Rg8 46. e4 Rb8 47. Nxd5+ cxd5 48. exf5 Rd8 49. Re3 Kxf5 50. Re7 f6 51. Rb7 Rb4 52. Kc2 h5 53. Rh2 h4 54. Rh7 Rf4 55. Rh3 Kg5 56. Kd3 d4 57. Rg7+ Kh6 58. Rb7 Rd5 59. b4 Re5 60. Kd2 Rg5 61. Ke2 Rg2+ 62. Kf1 Rg5 63. Kf2 Rd5 64. Ke2 d3+ 65. Kd2 Rxb4 66. Rb8 Rb2+ 67. Kc3 Rc2+ 68. Kb3 d2 69. Rxh4+ Kg5 70. Rg4+ Kf5 71. Rxb5 d1Q 0-1

[Event "Borisoglebsk Summer op"]
[Site "Borisoglebsk"]
[Date "2013.06.29"]
[Round "3"]
[White "Novoyavshev, Stepan"]
[Black "Skvortsov, Andrey"]
[Result "0-1"]
[WhiteElo "1909"]
[BlackElo "2209"]
[PlyCount "68"]
[EventDate "2013.06.28"]
[EventType "swiss"]
[EventRounds "7"]
[EventCountry "RUS"]
[SourceTitle "EXT 2014"]
[Source "ChessBase"]
[SourceDate "2013.11.20"]
[SourceVersion "1"]
[SourceVersionDate "2013.11.20"]
[SourceQuality "1"]

1. e4 d6 2. d4 Nd7 3. Nf3 c6 4. c4 e5 5. Nc3 Ngf6 6. Be2 Be7 7. 0-0 0-0 8. h3 Qc7 9. Bg5 Re8 10. Rc1 Nf8 11. d5 h6 12. Be3 N6h7 13. Bd3 c5 14. a3 Ng6 15. Qc2 Ng5 16. Bxg5 Bxg5 17. Nxg5 hxg5 18. Be2 Qe7 19. Bg4 Qf6 20. g3 b6 21. Nb5 Qe7 22. Qe2 Nf8 23. h4 Bxg4 24. Qxg4 Rab8 25. a4 Rbd8 26. Nc3 a6 27. Ra1 g6 28. Nd1 Nh7 29. Nc3 Rf8 30. Kg2 Kg7 31. Qe2 Qe8 32. b3 Rb8 33. Nd1 Qe7 34. Qf3 Qd8 0-1

[Event "Anna Akulov Memorial op"]
[Site "Anna"]
[Date "2012.10.14"]
[Round "5"]
[White "Skvortsov, Andrey"]
[Black "Surov, Sergey"]
[Result "1/2-1/2"]
[WhiteElo "2207"]
[BlackElo "2275"]
[PlyCount "28"]
[EventDate "2012.10.12"]
[EventType "swiss"]
[EventRounds "9"]
[EventCountry "RUS"]
[SourceTitle "EXT 2013"]
[Source "ChessBase"]
[SourceDate "2012.11.22"]
[SourceVersion "1"]
[SourceVersionDate "2012.11.22"]
[SourceQuality "1"]

1. e4 c5 2. Nf3 e6 3. d4 cxd4 4. Nxd4 Nf6 5. Nc3 Nc6 6. Nxc6 bxc6 7. e5 Nd5 8. Ne4 Qc7 9. f4 Qb6 10. c4 Bb4+ 11. Ke2 f5 12. Nf2 Bc5 13. Nd3 Ne3 14. Qb3 Nxf1 1/2-1/2

[Event "Borisoglebsk Bocharov Memorial"]
[Site "Borisoglebsk"]
[Date "2012.03.31"]
[Round "8"]
[White "Bryakin, Mikhail"]
[Black "Skvortsov, Andrey"]
[Result "1-0"]
[WhiteElo "2064"]
[BlackElo "2193"]
[PlyCount "57"]
[EventDate "2012.03.29"]
[EventType "swiss"]
[EventRounds "9"]
[EventCountry "RUS"]
[SourceTitle "EXT 2013"]
[Source "ChessBase"]
[SourceDate "2012.11.22"]
[SourceVersion "1"]
[SourceVersionDate "2012.11.22"]
[SourceQuality "1"]

1. e4 e5 2. Nf3 Nc6 3. Bb5 Nf6 4. 0-0 Nxe4 5. Re1 Nd6 6. Bxc6 dxc6 7. Rxe5+ Be7 8. d4 0-0 9. Nc3 Bf6 10. Bg5 Bg4 11. Bxf6 Qxf6 12. Ne4 Qg6 13. Ng3 Nc4 14. Re7 Qd6 15. Qe2 Bxf3 16. gxf3 Qxd4 17. Rd1 Qf6 18. Rxc7 Nxb2 19. Rdd7 Rfe8 20. Qf1 Qxf3 21. Rxb7 Qf6 22. Qc1 Nc4 23. Rxf7 Qc3 24. Rxg7+ Qxg7 25. Rxg7+ Kxg7 26. Qg5+ Kh8 27. Qf6+ Kg8 28. Nf5 a6 29. Qg7# 1-0

[Event "Borisoglebsk Bocharov Memorial"]
[Site "Borisoglebsk"]
[Date "2012.03.30"]
[Round "3"]
[White "Chuprikov, Dmitry"]
[Black "Skvortsov, Andrey"]
[Result "1-0"]
[WhiteElo "2394"]
[BlackElo "2193"]
[PlyCount "34"]
[EventDate "2012.03.29"]
[EventType "swiss"]
[EventRounds "9"]
[EventCountry "RUS"]
[SourceTitle "EXT 2013"]
[Source "ChessBase"]
[SourceDate "2012.11.22"]
[SourceVersion "1"]
[SourceVersionDate "2012.11.22"]
[SourceQuality "1"]

1. d4 d5 2. c4 e6 3. Nc3 Be7 4. Bf4 Nf6 5. e3 0-0 6. Nf3 a6 7. Rc1 Nbd7 8. c5 c6 9. Bd3 Re8 10. h3 Nf8 11. 0-0 N6d7 12. e4 dxe4 13. Nxe4 Ng6 14. Bh2 Nf6 15. Nd6 b5 16. Qd2 a5 17. Rfe1 b4 1-0

[Event "Borisoglebsk Bocharov Memorial"]
[Site "Borisoglebsk"]
[Date "2012.03.30"]
[Round "4"]
[White "Skvortsov, Andrey"]
[Black "Erofeev, Aleksey"]
[Result "1-0"]
[WhiteElo "2193"]
[BlackElo "1835"]
[PlyCount "33"]
[EventDate "2012.03.29"]
[EventType "swiss"]
[EventRounds "9"]
[EventCountry "RUS"]
[SourceTitle "EXT 2013"]
[Source "ChessBase"]
[SourceDate "2012.11.22"]
[SourceVersion "1"]
[SourceVersionDate "2012.11.22"]
[SourceQuality "1"]

1. e4 e5 2. Nf3 Nf6 3. Nc3 Bb4 4. d3 Nc6 5. Be2 d5 6. Bd2 d4 7. Nb1 Be7 8. 0-0 0-0 9. a4 Be6 10. Na3 Bxa3 11. Rxa3 h6 12. Qc1 Nh7 13. b4 a6 14. b5 axb5 15. axb5 Ne7 16. Qb2 Bd7 17. Rfa1 1-0

[Event "Anna Alekhine Cup"]
[Site "Anna"]
[Date "2012.02.21"]
[Round "9"]
[White "Skvortsov, Andrey"]
[Black "Bakhtin, Alexander"]
[Result "1/2-1/2"]
[WhiteElo "2193"]
[BlackElo "1763"]
[PlyCount "50"]
[EventDate "2012.02.17"]
[EventType "swiss"]
[EventRounds "9"]
[EventCountry "RUS"]
[SourceTitle "EXT 2013"]
[Source "ChessBase"]
[SourceDate "2012.11.22"]
[SourceVersion "1"]
[SourceVersionDate "2012.11.22"]
[SourceQuality "1"]

1. e4 g6 2. d4 Bg7 3. Nf3 d6 4. c3 Bg4 5. h3 Bxf3 6. Qxf3 Nd7 7. Be3 a6 8. Nd2 b5 9. g4 c5 10. Bg2 e6 11. 0-0 Ne7 12. Qg3 e5 13. dxc5 dxc5 14. Rfd1 Qc7 15. Qh4 h5 16. Qg3 hxg4 17. hxg4 c4 18. Bf1 Nc5 19. b4 Ne6 20. a4 0-0 21. Nf3 Nf4 22. Bc5 Rfd8 23. axb5 axb5 24. Rxa8 Rxa8 25. Qh4 f6 1/2-1/2